000 00426nam a2200157Ia 4500
008 230711s9999||||xx |||||||||||||| ||und||
041 _aENG
082 _a624
_bBU-I
100 _aBureau of Indian Standard
245 0 _aSI : 2720 1985
_bMethods of test soil grain size analysis part IV
250 _a1st
260 _c1985
_aNew Delhi
_bBureau of Indian Standard
300 _a38
650 _aCivil Engineering
942 _cBK
999 _c1633
_d1633